000 01045nas a2200325 4500
001 BR2014003791
003 BR-BrBNA
005 20231205124155.0
007 ta
008 230509b bl.|||p| |||| 00| 00por d
040 _aBR-BrBNA
_bpor
_cBiblioteca Nacional de Agricultura
041 _a(En)
072 _aL02; Q54
100 1 _aDonato, D.C.Z.
100 1 _aRibeiro, P. de A.P.
100 1 _aMagalhães, J.D.
100 1 _aPolycarpo, G. do V.
110 1 _aGarcia, P.D.S.R.
110 1 _aBurbarelli, M.F. de C.
110 1 _aAlbuquerque, R. de
245 1 _aNutritional balance of broilers fed diets containing two calcium levels and supplemented with different phytase levels
650 _aFRANGO DE CORTE
650 _aEFICIENCIA NUTRICIONAL
650 _aDIETA
650 _aCALCIO
650 _aSUPLEMENTO ALIMENTAR
773 0 _tBrazilian Journal of Poultry Science (Brazil)
_xISSN 1516-635X
_g(Oct-Dec 2013), v. 15(4) p. 353-363
_wBR2014003791
909 _a202311
_bLúcia
_c55
_dLúcia Elande
942 _2AGRIS
_n0
_cANA
999 _c237678
_d237678